| 000 | 01046nam a22002537a 4500 | ||
|---|---|---|---|
| 005 | 20170124103042.0 | ||
| 010 | _aB-077202 | ||
| 020 | _c500.00 | ||
| 035 | _aB-077202 | ||
| 037 | _bCen Lib/Ret | ||
| 040 |
_aDPL _bHN |
||
| 082 |
_aक _bमार्कण्डे |
||
| 100 |
_aमार्कण्डेय _943304 |
||
| 245 |
_aमार्कण्डेय की कहानियां / _cमार्कण्डेय |
||
| 246 |
_aMarkandey ki kahaniyan / _bby Markandey |
||
| 260 |
_aइलाहाबाद _bलोकभारती _c2002 |
||
| 270 |
_a15-ए, महात्मा गाँधी मार्ग _bइलाहाबाद |
||
| 300 |
_a537पृ. _c21सेमी(सजिल्द ) |
||
| 650 |
_aहिंदी साहित्य _x _z _967582 |
||
| 650 |
_aहिंदी साहित्य--कहानियां _942761 |
||
| 650 |
_aHindi literature _v _967583 |
||
| 650 |
_aHindi literature--Stories _967584 |
||
| 942 |
_2ddc _cHN _hक _mमार्कण्डे |
||
| 999 |
_c116651 _d116651 |
||